000
00330 a2200169 4500
001
168754
020
_a
978-85-02-09365-2
040
_c
Magnum
100
_a
Lembo, Antonio
240
1
0
_a
Química 1
_l
por
245
1
0
_a
Química 1
300
_a
384
362
0
_a
2010
440
1
_a
Atual
697
_a
QUÍMICA
942
_c
BK
999
_c
168754
_d
168754